000 01231nam a22002897a 4500
001 7048
003 FISKH
005 20250619111530.0
008 250619b cb ||||| |||| 00| 0 eng d
040 _aFISKH
_beng
_cFISKH
_dFISKH
050 _aPZ7
082 _a398.2
100 _aParent, Nancy
245 _aTizzy /
_cWritten by Nancy Parent ; Illustrated by Glen Mullaly and Ken & Joan Steacy
260 _aUnited States :
_bParadise Press,
_c2001.
300 _a12 pages :
_bcolor illustrations ;
_c18 cm
505 _aG
520 _aTizzy is a charming board book designed for toddlers and preschool-aged children. It follows Tizzy, a playful and fuzzy orange monster, through simple daily experiences or adventures. With sturdy tabbed pages and bright, cheerful illustrations, young readers can engage with the story by turning interactive tabs that reveal Tizzy’s actions and emotions.
521 8 _a300
_bLexile estimate
521 8 _aG
_bRaz-Plus
650 _aInteractive/Tactile
_vTabbed Board Book
_xToddlers & Preschool
700 _aMullaly, Glen
_eillustrator
700 _aSteacy, Ken
_eillustrator
700 _aSteacy, Joan
_eillustrator
942 _2ddc
_cBK
_n0
999 _c7048
_d7048